Quiz o Strzyżowie - Statystyki

Ogólne statystyki
  • Ten quiz został rozwiązany 59 razy
  • Średni wynik to 7 z 16
Statystyki odpowiedzi
Wskazówka Odpowiedź % Poprawnych
W jakim województwie leży Strzyżów? Podkarpackie
94%
Znany niemiecki polityk, który w 1941r. odwiedził Strzyżów Adolf Hitler
75%
Nazwy stacji kolejowych na terenie Strzyżowa Strzyżów nad Wisłokiem
75%
Nazwy stacji kolejowych na terenie Strzyżowa Strzyżów Zachodni
69%
Kto widnieje w herbie miasta? Michał Archanioł
56%
W którym wieku Strzyżów otrzymał prawa miejskie? XIV
56%
Jaki jest kod pocztowy Strzyżowa? 38-100
44%
Nazwa strzyżowskiej góry pod którą znajduje się podziemny tunel schronowy Góra Żarnowska
38%
Imię i nazwisko najstarszego mężczyzny w Polsce (107 lat), kapitana pochodzącego ze Strzyżowa Tadeusz Lutak
38%
Jakiego słynnego polskiego polityka uwieczniono w pomniku pod Domem Kultury w Strzyżowie? Józef Piłsudski
31%
Nazwa miejscowego Zespołu Pieśni i Tańca Ludowego, który na przestrzeni lat zdobywał prestiżowe nagrody w całej Polsce. Kłosowianie
31%
Kto aktualnie (2025 rok) jest burmistrzem Strzyżowa? Agata Gadziała
25%
Pseudonim Rafała Paszka - działacza AK z okolic Strzyżowa Królik
25%
Pod jakim wezwaniem jest kościół farny w Strzyżowie? Niepokalanego Poczęcia Najświętszej Maryji Panny
19%
Potoczna nazwa drogi krzyżowej w lesie na północy Strzyżowa Ratośniówki
13%
Imię i nazwisko pochodzącego ze Strzyżowa autora pierwszej w pełni polskiej książki kucharskiej Stanisław Czerniecki
13%
Nie znaleziono quizów pasujących do podanych kryteriów
Rozkład punktacji
Procent ludzi z każdym wynikiem
Percentyl według liczby udzielonych odpowiedzi
Twoja historia wyników
Nie rozwiązałeś tego quizu